Top 10 Countries With The Most Universities In The World - Statistics

General Stats
  • This quiz has been taken 2,275 times
  • The average score is 8 of 10
Answer Stats
Universities Country % Correct
5762 United States of America
100%
1057 China
98%
8410 India
92%
1226 Japan
90%
1064 France
88%
1343 Mexico
79%
1417 Spain
73%
1239 Indonesia
69%
1709 Argentina
55%
1270 Bangladesh
29%
No matching quizzes found
Score Distribution
Percent of People with Each Score
Percentile by Number Answered
Your Score History
You have not taken this quiz